000 00826nam a22002297a 4500
005 20080707154240.0
008 080707t xxu||||| |||| 00| 0 eng d
010 _aENG-90466
020 _a9788120335622
_c375.00
035 _aEN-73999
037 _bDBAD / PUB
040 _aDPL
_bEN
082 _a657.48
100 _aNarayanaswamy, R.
245 _aFinancial accounting :
_ba managerial perspective /
_cby R. Narayanaswamy
250 _a3rd ed
260 _aNew Delhi
_bPrentice-Hall of India
_c2008
300 _axxiv, 699p.
_c23cm.(pbk)
500 _aIncludes appendix, glossary and index
942 _2ddc
_cEN
_h657.48
_mNAR
999 _c14255
_d14255